01742cam a22003974i 4500003000900000005001700009008004100026020001500067035002700082040003300109049000900142082002200151100003100173245003900204264005400243300005500297336002100352337002500373338002300398505028800421526000900709526000900718526000800727526000800735526000800743526000800751650003200759910001800791942001400809949012900823994001400952596000600966999015500972980005501127952016201182PE-LiUPU20250731175645.0150616s r 000 0 d a0805416129 a(Sirsi) i9780805416121 aPE-LiUPUbspacPE-LiUPUerda aPRUA04a487.415bB57L2211 aBlack, David Alan,eautor.10aLearn to Read New Testament Greek. 1aTennessee :bBroadman & Holman Publishers,c1994. a236 páginas :bilustraciones ;c23 centímetros atext2rdacontent aunmediated2rdamedia avolume2rdacarrier0 aThe letter and sound Greek.- The Greek verb system: a bird's eye view.- Presente and future active indicative.- Nouns of the second declension.- Adjetives of the first and second declension.- Imperfect and aorist active indicative.- Additional prepositions.- Personal pronouns.- Etc. aP145 aP127 aP97 aP35 aP14 aP0704aGRIEGO BIBLICO - GRAMATICA. ajckbjvqcjck 2ddccBOOK a487.415 B57LwDEWEYc1i42238lCCODEBUL1mBULr0sYtBOOKu2015-6-16xTEOLOGIAzUNKNOWN0COMPRAo.STAFF. Colección General aC0bPEPRU a1 a487.415 B57LwDEWEYc60068i42238f2021-11-11g5lCCODEBUL1mBULr0sYtBOOKu2015-6-16xTEOLOGIAzUNKNOWN0COMPRAo.STAFF. Colección Generald60068 81gALBERTO SANCHEZ Responsable de Automatización r2025-12-02 00:00:00i6l0o487.415 B57Lp42238te1w2015-06-16xFACIHEDyBKzinventario-2023-12-13102ddc50708GENfP14aBULbBULcGENd2015-06-16eCOMPRA